000 00869nam a2200277 i 4500
001 66759
003 ES-MaACL
005 20250911062642.0
007 t|
008 020322s2001 sp d 00100dspa d
020 _a84-233-3362-0
080 _a82(038)
100 1 _aPla, Josep,
_d1897-1981
_9164614
245 1 0 _aDiccionario Pla de literatura /
_cJosep Pla ; edición de Valentí Puig ; traducción de Jorge Rodríguez Hidalgo.
250 _a1ª ed.
260 _aBarcelona :
_bDestino,
_c2001.
300 _a714 p. ;
_c24 cm.
490 1 _aÁncora y delfín ;
_v940
650 4 _aLiteratura-
_vDiccionarios.
_914484
650 4 _aEscritores-
_vDiccionarios.
_912378
700 1 _aPuig, Valentí.
_994246
700 1 _aRodríguez Hidalgo, Jorge.
_998577
830 1 0 _aÁncora y Delfín
_v940
_9151298
852 4 _aES-MaACL
_jL-27230
999 _c66759
_d66759